000
00209 a2200097 4500
001
8923
100
_a
Hocnby A A
245
_a
Oxford Progressive English course
260
_a
_b
Oxford
_c
090
_c
7112
_d
7112
942
_a
NUST-CAE
_c
M
_c
33726
999
_c
243996
_d
243996